|
|
|
|
| LEADER |
01249nam a2200325Ia 4500 |
| 001 |
EBC3378580 |
| 003 |
MiAaPQ |
| 005 |
20200520144314.0 |
| 006 |
m o d | |
| 007 |
cr cn||||||||| |
| 008 |
100419s2010 dcu s 000 0 eng d |
| 020 |
|
|
|z 9780309149600
|
| 035 |
|
|
|a (MiAaPQ)EBC3378580
|
| 035 |
|
|
|a (Au-PeEL)EBL3378580
|
| 035 |
|
|
|a (CaPaEBR)ebr10367630
|
| 035 |
|
|
|a (CaONFJC)MIL255442
|
| 035 |
|
|
|a (OCoLC)923281349
|
| 040 |
|
|
|a MiAaPQ
|c MiAaPQ
|d MiAaPQ
|
| 050 |
|
4 |
|a HD61
|b .T43 2010
|
| 245 |
0 |
0 |
|a Technical capabilities necessary for regulation of systemic financial risk
|h [electronic resource] :
|b summary of a workshop /
|c Robert F. Engle, Scott T. Weidman, rapporteurs.
|
| 260 |
|
|
|a Washington, D. C. :
|b National Academies Press,
|c c2010.
|
| 300 |
|
|
|a 20 p.
|
| 533 |
|
|
|a Electronic reproduction. Ann Arbor, MI : ProQuest, 2015. Available via World Wide Web. Access may be limited to ProQuest affiliated libraries.
|
| 650 |
|
0 |
|a Financial risk.
|
| 650 |
|
0 |
|a Financial risk management.
|
| 655 |
|
4 |
|a Electronic books.
|
| 700 |
1 |
|
|a Engle, R. F.
|q (Robert F.)
|
| 700 |
1 |
|
|a Weidman, Scott.
|
| 710 |
2 |
|
|a ProQuest (Firm)
|
| 856 |
4 |
0 |
|u https://ebookcentral.proquest.com/lib/matrademy/detail.action?docID=3378580
|z Click to View
|